オンゲキ インスト楽曲 - Statistics

General Stats
  • This quiz has been taken 32 times
    30 since last reset
  • The average score is 52 of 119
Answer Stats
対戦相手 コンポーザー 曲名 % Correct
逢坂茜 t+pazolite YURUSHITE
87%
星咲あかり 水野健治 VS 穴山大輔 μ3
83%
柏木美亜 穴山大輔 VS 光吉猛修 VS Kai ω4
83%
珠州島有栖 かねこちはる Opfer
83%
珠州島有栖 xi Titania
83%
藍原椿 ルゼ エータ・ベータ・イータ
78%
井之原小星 黒沢ダイスケ VS 穴山大輔 脳天直撃
78%
皇城セツナ 黒魔 Don't Fight The Music
74%
皇城セツナ BlackY LAMIA
74%
皇城セツナ kanone vs. BlackY Stardust:RAY
74%
高瀬梨緒 Feryquitous Ai Nov
70%
皇城セツナ 黒魔 And Revive The Melody
70%
皇城セツナ TJ.hangneil Apollo
70%
日向千夏 MisoilePunch♪ MarbleBlue.
70%
高瀬梨緒 BlackY vs. Yooh MEGATON BLAST
70%
星咲あかり ああああ vs. ぺのれり Recollect Lines
70%
高瀬梨緒 Feryquitous Ai C
65%
結城莉玖 Kobaryo FLUFFY FLASH
65%
珠州島有栖 xi vs かねこちはる Op.I 《fear-TITΛN-》
65%
星咲あかり Laur Viyella's Tears
65%
藤沢柚子 t+pazolite しとしとと
61%
柏木咲姫 削除 (Violin : Katali)
61%
逢坂茜 庭師 其のエメラルドを見よ
61%
あかニャン 細江慎治 怨撃
61%
高瀬梨緒 Feryquitous Ai Drew
61%
柏木咲姫 orangentle A Man In The Mirror
61%
井之原小星 uma vs. ガリガリさむし GAME : CHANGER
61%
高瀬梨緒 あず♪ MeteorSnow
61%
星咲あかり REDLiCE RED to RED
61%
星咲あかり Laur Viyella's Scream
61%
早乙女彩華 LV.4 Cult future
57%
九條楓 void (Mournfinale) Everlasting Today
57%
皇城セツナ kanone Falsum Atlantis.
57%
日向千夏 Yooh Good bye, Merry-Go-Round.
57%
高瀬梨緒 Lime Selenadia
57%
井之原小星 technoplanet Singularity
57%
三角葵 大国奏音 光焔のラテラルアーク
52%
三角葵 MisoilePunch♪ AstrøNotes.
52%
高瀬梨緒 Masahiro "Godspeed" Aoki Diamond Dust
52%
藤沢柚子 削除 Magical Panic Adventure
52%
藤沢柚子 ガリガリさむし TeA
52%
東雲つむぎ cosMo@暴走P オンソクデイズ!!
48%
九條楓 siromaru Adverse Gaff
48%
日向千夏 山本真央樹 vs Masahiro "Godspeed" Aoki (feat. Dylan Reavey) FestA of PandemoniuM
48%
柏木美亜 ああああ Galaxy Blaster
48%
日向千夏 AJURIKA SUPER AMBULANCE
48%
結城莉玖 Yuta Imai THE TRiANGLE
48%
藍原椿 かゆき 美夜月鏡
43%
早乙女彩華 ガリガリさむし ジャンヌ・ダルクの慟哭
43%
日向千夏 cosMo@暴走P ver.Ø ヒトリボッチサテライト
43%
東雲つむぎ Sound piercer "Espitz" ミラージュ・フレイグランス
43%
日向千夏 owl* tree Baqeela
43%
逢坂茜 Sampling Masters MEGA Dazzle hop
43%
逢坂茜 山本真央樹 GEOMETRIC DANCE
43%
高瀬梨緒 Srav3R ICEBURN
43%
柏木咲姫 USAO Last Kingdom
43%
高瀬梨緒 sky_delta RELOAD
43%
珠州島有栖 xi Stargazing Dreamer
43%
東雲つむぎ EmoCosine + Synthion Stellar:Dream
43%
桜井春奈 Sound Artz Vibes 2k20
43%
高瀬梨緒 打打だいず vs. siromaru vs.Tanchiky 淵底のグレイ・ユークロニア
39%
逢坂茜 PRASTIC DANCEFLOOR 冥乱幻舞
39%
珠州島有栖 わかどり Buck's Fizz
39%
藍原椿 Getty B WiZ U
39%
藍原椿 かめりあ Final Flash Flight
39%
星咲あかり SEGA SOUND STAFFarranged by Kanon Oguni Memories of O.N.G.E.K.I
39%
珠州島有栖 Nhato Radiance
39%
結城莉玖 豚乙女 ロッキンピンクモンスター
35%
珠州島有栖 OSTER project ゲーミングポーラーベア
35%
皇城セツナ ke-ji(CERTIA) ゼーレンヴァンデルング
35%
早乙女彩華 litmus* Azucar
35%
九條楓 HiTECH NINJA Daydreama
35%
早乙女彩華 SHIKI Death Doll
35%
東雲つむぎ ぺのれり Desperado Waltz
35%
結城莉玖 Massive Ne Krew Knocking Harder
35%
東雲つむぎ MAYA AKAI LiftOff
35%
藤沢柚子 Yu-dachi MAGNETAR GIRL
35%
九條楓 owl*tree Maqrite
35%
三角葵 aran Random Access Emotions
35%
星咲あかり Junk 夢を叶える場所
30%
藍原椿 igel 霧の書斎
30%
九條楓 onoken feat. 土屋雄作 天つ風
30%
逢坂茜 a_hisa アマツカミ
30%
皇城セツナ Street μάγια
30%
早乙女彩華 佐藤 優樹 Cogito ergo sum
30%
柏木美亜 sky_delta Lazy Addiction
30%
柏木美亜 はるなば Mini Skirt
30%
桜井春奈 Lite Show Magic R'N'R Monsta
30%
早乙女彩華 anubasu-anubasu See The Light
30%
星咲あかり カタオカツグミ Starlight★Limited
30%
日向千夏 Noah Touch and Go
30%
藍原椿 有形ランペイジ ブツメツビーターズ
26%
柏木美亜 Project Grimoire Aenbharr
26%
柏木咲姫 Artifact Daredevil Glaive
26%
早乙女彩華 polysha Elusive Emotes
26%
東雲つむぎ こふ HONEY-Q
26%
桜井春奈 pan Pastel Sprinkles
26%
桜井春奈 pan Princess Holiday
26%
柏木咲姫 Maozon Sparkle
26%
珠州島有栖 とろまる Suspiro
26%
東雲つむぎ Soleily Trinity Departure
26%
柏木咲姫 Reku Mochizuki Zitronectar
26%
柏木咲姫 やどりぎ まりもとおもちゃ箱
22%
桜井春奈 まらしぃ Chelly spLash♪♪
22%
高瀬梨緒 HiTECH NINJA Dolphika
22%
三角葵 こふ Mizutama-Tripster
22%
井之原小星 IOSYS TRAX BOUNCE & DANCE
17%
逢坂茜 DJ Noriken DAWNBREAKER
17%
三角葵 Junk fulgente
17%
九條楓 Freezer Honey Bear
17%
逢坂茜 s-don Lostwizz
17%
九條楓 yaseta Say Goodbye
17%
星咲あかり REDLiCE TAKE ON THE WORLD
17%
九條楓 zts colorful transparency
13%
井之原小星 Palme Island Breeze
13%
柏木咲姫 a_hisa Livmetarryr
13%
藤沢柚子 梅干茶漬け Skip & Smile!!
13%
九條楓 Cranky,Morriganfeat.Lily Sword of Secret
13%
井之原小星 kamome sano A Day in the Patisserie
9%
No matching quizzes found
Score Distribution
Percent of People with Each Score
Percentile by Number Answered
Your Score History
You have not taken this quiz since the last reset